000 00629nam a22002177a 4500
003 UA-OsUOA
001 36339
007 ta
008 20060121b un ||||| |||| 00| 0 ukr d
100 _aКоцюбинський І.
090 _a82
942 _cSA
040 _aUA-OsUOA
_bukr
_cUA-OsUOA
_dUA-OsUOA
245 _aДух великого сонцепоклонника: музей Михайла Коцюбинського в Чернігові
300 _aС1-2 с.
955 _a0
041 _aukr
080 _a82
773 0 _w36338
650 7 _a82 Література. Літературознавство
_2UDC
999 _c322577
_d322577